Регионална библиотека "Любен Каравелов" - Русе

Старобългарски език (Запис номер 206067)

MARC детайли
000 -Лидер
Контролно поле с фиксирана дължина nam a22 a 4500
003 - Код на организацията, давaща контролен номер
Контролно поле BLK
005 - Дата и час на последна редакция
Контролно поле 20191126115318.0
008 - Елементи от данни с фиксирана дължина
fixed length control field 180411b bul|||||r ||||||| ||bul||
010 ## - Наследен системен номер
LC control number KNG00215804000
020 ## - Международен стандартен номер на книга ISBN
Международен стандартен номер на книга ISBN 978-954-07-4210-6
040 ## - Източник на каталожния запис
Идентификатор на билиотеката - собственик на записа BLK
041 ## - Код за език
Код за езика на текст/звукозапис или на отделно заглавие Български
Код за езика КДБФ Български
072 #7 - Код за тематичната категория
Код организация bullib
Код за тематична категория Н80
Текст Езикознание Н
080 ## - УДК
Текстов определител УДК Редактиране. Подготовка за публикуване. Вж и 070.4
УДК код - определител по УДК 808.2
УДК определител (075.8)
УДК - код + определител 808.2(075.8)
100 1# - Редна дума - Автор
Автор Славова, Татяна Димова
Авторска отговорност първи автор
R(LIN) 364402
139 ## - Редно поле
Редна дума Славова, Татяна Димова
Авторски знак Слави - С 43
245 10 - Сведения за заглавието
Заглавие Старобългарски език
Редно поле (дума) Татяна Димова Славова
257 ## - Страна на издаване
Страна на създаване/издаване България
260 ## - Област на издателските данни
Име на издателя, разпространителя и проч. Унив. изд. Климент Охридски
Година на издаване 2017
300 ## - Физическа характеристика
Страници 400 с.
Илюстрации и др. с табл.
Размери/Мащаб 24 см
380 ## - Жанр
Жанр Езикознание. Филология
490 1# - СЕРИИ (Колекции)
Име на серия Университетски учебници)(Филологически науки
500 ## - Общи забележки
Забележка Биогр. данни за авт. отбелязани на гърба на кор. - Терминол. речник: с. 397-399. - Библиогр.: с. 379-396.
650 #4 - Допълнително описание по предмет – тема
Основно описание – тема или топоним Старобългарски език - учебници за ВУЗ
9 (RLIN) 293903
653 ## - Ключова дума – ненормативна
Ключова дума старобългарски език
659 ## - Тематичен бюлетин
Тематичен бюлетин Н
852 ## - Местоположение
Форматна сигнатура Цб 289090
856 4# - Електронен адрес и достъп
Електронен формат pdf - файл
856 4# - Електронен адрес и достъп
Електронен формат pdf - файл
999 ## - СИСТЕМНИ КОНТРОЛНИ НОМЕРА
Koha biblionumber 206067
Koha biblioitemnumber 206067
942 ## - АРТИКУЛИ
Вид на библиотечния материал Книги
Скрит в OPAC Не
Koha issues (borrowed), all copies 2
944 ## - СЪЗДАВАНЕ И РЕДАКЦИЯ на ЗАПИСА
Създаване/Редакция Създаване
Дата на регистрацията/редакция 08.02.2018
Служител, извършил регистрацията/редакцията Виолета_Тройчева
944 ## - СЪЗДАВАНЕ И РЕДАКЦИЯ на ЗАПИСА
Създаване/Редакция Редакция
Дата на регистрацията/редакция 15.03.2018
Служител, извършил регистрацията/редакцията Грета_Цуфелде
999 ## - СИСТЕМНИ КОНТРОЛНИ НОМЕРА
Koha biblioitemnumber 206067
999 ## - СИСТЕМНИ КОНТРОЛНИ НОМЕРА
Koha biblioitemnumber 206067
Наличности
Код за отписване Код за изгубен артикул Код за повреда Коз за рестрикции Код за отдаване Артикулен № Име на библиотеката - собственик Име на библиотеката, в която се намира в момента Статус (Текущо местоположение) Дата на вписване в системата Местоположение - отдел Цена в лева Инвентарен номер Систематично азбучна сигнатура Баркод Номер на екземпляра Цена в евро Служебна бележка Служебен тип на артикула Източник на класификационната схема
  Не е изгубен Не е повреден без рестрикции ползва се в читалня 354458 Регионална библиотека "Любен Каравелов" Русе Регионална библиотека "Любен Каравелов" Русе Хранилище 2018-02-03 Хранилище 18.00 120000819528 Цб 289090 120000819528 1 9.20 Дост: Dp Вид: Д N: 51 Дата: 28.11.2017 Книги  
  Не е изгубен Не е повреден без рестрикции заемане за дома 677825 Регионална библиотека "Любен Каравелов" Русе Регионална библиотека "Любен Каравелов" Русе Заемна - подръчен фонд 2018-06-21 Заемна - подръчен фонд 18.00 120000821641 811.163.2/С 43 Т с 120000821641   9.20   Книги Universal Decimal Classification
Vip Innovations Ltd, Rousse, Bulgaria 2025